Human Design pre rodičov
Saved in:
| Main Author | |
|---|---|
| Format | Electronic eBook |
| Language | Czech |
| Published |
Alferia SK
2024
|
| Edition | 1. elektronické vydání |
| Subjects | |
| Online Access | Dostupné v BOOKPORT po přihlášení pomocí eduID |
| ISBN | 978-80-8090-733-4 978-80-8090-731-0 |
| Physical Description | 1 online zdroj (296 stran) |
| LEADER | 00000nam a2200000 i 4500 | ||
|---|---|---|---|
| 001 | bkp100229 | ||
| 003 | CZ-prgp | ||
| 005 | 20240909155014.0 | ||
| 006 | m o d | ||
| 007 | cr cn | ||
| 008 | 240909s2024 xr o 000 0 cze | ||
| 020 | |a 978-80-8090-733-4 |c 478 Kč |q (online ; epub) | ||
| 020 | |a 978-80-8090-731-0 |c 562 Kč |q (print) | ||
| 040 | |a Grada |b cze |e rda | ||
| 100 | 1 | |a Porter, Aypril | |
| 245 | 1 | 0 | |a Human Design pre rodičov |c Aypril Porter |
| 250 | |a 1. elektronické vydání | ||
| 264 | 1 | |b Alferia SK |c 2024 | |
| 300 | |a 1 online zdroj (296 stran) | ||
| 336 | |a text |b txt |2 rdacontent | ||
| 337 | |a počítač |b c |2 rdamedia | ||
| 338 | |a online zdroj |b cr |2 rdacarrier | ||
| 520 | 3 | |a Pochopte váš vzťah so svojimi deťmi cez optiku Human designu | |
| 650 | 0 | 4 | |a Rodičovství |
| 650 | 0 | 4 | |a Harmonie těla a duše |
| 650 | 0 | 4 | |a Rady pro rodiče |
| 650 | 0 | 4 | |a Komunikace |
| 650 | 0 | 4 | |a Sebepoznání |
| 650 | 0 | 4 | |a Uvědomělý život |
| 650 | 0 | 4 | |a Vztahy, láska, rodina |
| 650 | 0 | 4 | |a Životní styl |
| 856 | 4 | 0 | |u https://www.bookport.cz/AccountSaml/SignIn/?idp=https://shibboleth.utb.cz/idp/shibboleth&returnUrl=/kniha/human-design-pre-rodicov-12924/ |y Dostupné v BOOKPORT po přihlášení pomocí eduID |